[Event "Eindhoven WLC op 15th"]
[Site "Eindhoven"]
[Date "2025.05.18"]
[Round "6"]
[White "Bhawsar, Ashwath"]
[Black "Zecha, Oscar"]
[Result "1-0"]
[WhiteElo "1856"]
[BlackElo "2168"]
[PlyCount "155"]
[EventDate "2025.05.16"]
[EventType "swiss"]
[EventRounds "6"]
[EventCountry "NED"]
[SourceTitle "CB21_2025"]
[SourceDate "2025.05.21"]
[SourceVersion "1"]
[SourceVersionDate "2025.05.21"]
[SourceQuality "1"]

1. Nf3 e6 2. g3 g5 3. d4 g4 4. Ne5 h5 5. h3 gxh3 6. Bxh3 Nf6 7. Bg5 Be7 8. Nd2 d6 9. Nd3 Nc6 10. c3 b5 11. Bg2 Bb7 12. a4 a6 13. e3 Qb8 14. Bxf6 Bxf6 15. Rxh5 Rxh5 16. Qxh5 bxa4 17. Ne4 Be7 18. Qh8+ Kd7 19. Qxb8 Rxb8 20. Rxa4 Nd8 21. Bf3 Bc6 22. Ra1 Bb5 23. Nf4 f5 24. Nd2 e5 25. dxe5 dxe5 26. Nd5 Bd3 27. Nxe7 Kxe7 28. b4 Ne6 29. Nb3 Rh8 30. Ra5 Ng5 31. Be2 Rh1+ 32. Kd2 Bxe2 33. Kxe2 Rb1 34. Nd2 Rc1 35. Rxe5+ Kf6 36. Rc5 Rc2 37. Kd1 Ra2 38. Rxc7 Ra1+ 39. Kc2 Ra2+ 40. Kd3 Nf7 41. f4 Nh6 42. Nf3 Ng4 43. Ne5 Nf2+ 44. Kc4 Nd1 45. Rc6+ Ke7 46. Rc7+ Ke6 47. Ra7 Ra3 48. Kd3 Nxc3 49. Nc4 Nb5+ 50. Nxa3 Nxa7 51. Kc4 Kd6 52. b5 a5 53. b6 Nc6 54. Kb5 Kd5 55. b7 Nb8 56. Kxa5 Kc6 57. Nb5 Kxb7 58. Nd6+ Kc6 59. Nxf5 Kd5 60. g4 Nd7 61. Ng3 Ke6 62. Kb5 Nf6 63. g5 Nd5 64. f5+ Kf7 65. e4 Nf4 66. e5 Nd3 67. e6+ Ke7 68. Ne4 Nf4 69. g6 Nxe6 70. fxe6 Kxe6 71. Kc6 Ke7 72. Kd5 Kf8 73. Ke6 Kg8 74. Kf6 Kh8 75. g7+ Kg8 76. Nd6 Kh7 77. Nf7 Kg8 78. Nh6+ 1-0

[Event "Eindhoven WLC op 15th"]
[Site "Eindhoven"]
[Date "2025.05.18"]
[Round "5"]
[White "Wuijts, Johan"]
[Black "Bhawsar, Ashwath"]
[Result "0-1"]
[WhiteElo "1965"]
[BlackElo "1856"]
[PlyCount "88"]
[EventDate "2025.05.16"]
[EventType "swiss"]
[EventRounds "6"]
[EventCountry "NED"]
[SourceTitle "CB21_2025"]
[SourceDate "2025.05.21"]
[SourceVersion "1"]
[SourceVersionDate "2025.05.21"]
[SourceQuality "1"]

1. d4 e6 2. e4 d5 3. e5 c5 4. c3 Nc6 5. Nf3 Bd7 6. Bd3 cxd4 7. cxd4 Qb6 8. 0-0 Nxd4 9. Nbd2 Nxf3+ 10. Nxf3 Bb5 11. Be3 Qa6 12. Bxb5+ Qxb5 13. Nd4 Qd7 14. Rc1 Ne7 15. f4 g6 16. Qb3 Nc6 17. Nxc6 bxc6 18. Qa4 c5 19. Qxd7+ Kxd7 20. Bxc5 Bxc5+ 21. Rxc5 Rhc8 22. Rfc1 Rxc5 23. Rxc5 Rc8 24. Ra5 Rc7 25. Kf2 Kc6 26. a4 Rb7 27. Ra6+ Kc5 28. Ke1 Kb4 29. Kd2 Kb3 30. Kc1 Rc7+ 31. Kb1 Kb4 32. g4 Kb3 33. f5 gxf5 34. gxf5 exf5 35. Rd6 Kc4 36. Rf6 d4 37. Rxf5 d3 38. Kc1 Kd4+ 39. Kd1 Rb7 40. Rh5 Rxb2 41. Kc1 Kc3 42. Rh3 Rf2 43. Kb1 Rf1+ 44. Ka2 Kc2 0-1

[Event "Eindhoven WLC op 15th"]
[Site "Eindhoven"]
[Date "2025.05.17"]
[Round "2"]
[White "Bhawsar, Ashwath"]
[Black "Messaoudi, Nino"]
[Result "1/2-1/2"]
[WhiteElo "1856"]
[BlackElo "1942"]
[PlyCount "73"]
[EventDate "2025.05.16"]
[EventType "swiss"]
[EventRounds "6"]
[EventCountry "NED"]
[SourceTitle "CB21_2025"]
[SourceDate "2025.05.21"]
[SourceVersion "1"]
[SourceVersionDate "2025.05.21"]
[SourceQuality "1"]

1. Nf3 Nf6 2. c4 e6 3. g3 d5 4. Bg2 c5 5. 0-0 Nc6 6. d4 dxc4 7. dxc5 Qxd1 8. Rxd1 Bxc5 9. Nbd2 c3 10. bxc3 Bd7 11. Nb3 Be7 12. Nfd4 Rc8 13. Be3 a6 14. Rab1 0-0 15. Nxc6 Bxc6 16. Bxc6 Rxc6 17. Na5 Rxc3 18. Rxb7 Bc5 19. Rc7 Bb4 20. Rxc3 Bxc3 21. Nc6 h6 22. Bc5 Ra8 23. Rd3 Ne4 24. Ba7 Bf6 25. Ra3 Nc3 26. e3 Nb5 27. Rxa6 Nxa7 28. Rxa7 Rxa7 29. Nxa7 Kf8 30. Kf1 Ke7 31. Nb5 Kd7 32. Ke2 Kc6 33. a4 Kc5 34. Kd3 Bd8 35. Nd4 Bc7 36. Nc2 Bd8 37. h4 1/2-1/2

[Event "Eindhoven WLC op 15th"]
[Site "Eindhoven"]
[Date "2025.05.16"]
[Round "1"]
[White "Habig, Bryan"]
[Black "Bhawsar, Ashwath"]
[Result "1-0"]
[WhiteElo "2046"]
[BlackElo "1856"]
[PlyCount "95"]
[EventDate "2025.05.16"]
[EventType "swiss"]
[EventRounds "6"]
[EventCountry "NED"]
[SourceTitle "CB21_2025"]
[SourceDate "2025.05.21"]
[SourceVersion "1"]
[SourceVersionDate "2025.05.21"]
[SourceQuality "1"]

1. c4 e5 2. Nc3 Nf6 3. Nf3 Nc6 4. e4 Bc5 5. Nxe5 Nxe5 6. d4 Bxd4 7. Qxd4 Nc6 8. Qd1 h6 9. Be3 0-0 10. Be2 Re8 11. f3 d6 12. Qd2 Ne5 13. 0-0 Be6 14. b3 Qe7 15. Kh1 Rad8 16. Bd4 c6 17. f4 Bg4 18. Bxg4 Nexg4 19. Qe2 h5 20. Rae1 d5 21. cxd5 cxd5 22. e5 Qb4 23. Qd2 Nd7 24. Rd1 Nb6 25. Bxb6 Qxb6 26. Nxd5 Qc5 27. h3 Rxd5 28. Qxd5 Qxd5 29. Rxd5 Ne3 30. Rfd1 Nxd1 31. Rxd1 g5 32. g3 h4 33. Kg2 Re7 34. Kf3 hxg3 35. Kxg3 Kg7 36. Rd6 b6 37. h4 gxh4+ 38. Kxh4 Rc7 39. Kg5 Rc2 40. a4 Rg2+ 41. Kf5 Rg3 42. Rd7 Kg8 43. Rxa7 Rxb3 44. Kf6 Rb4 45. f5 Rc4 46. Ra8+ Kh7 47. Kxf7 Rc7+ 48. Kf6 1-0

[Event "Mumbai One Wealth op"]
[Site "Mumbai"]
[Date "2024.02.06"]
[Round "2"]
[White "Mayanka, Rakesh Rana"]
[Black "Bhawsar, Ashwath"]
[Result "1-0"]
[WhiteElo "1136"]
[BlackElo "1663"]
[PlyCount "137"]
[EventDate "2024.02.05"]
[EventType "swiss"]
[EventRounds "7"]
[EventCountry "IND"]
[SourceTitle "CBM 218 Extra"]
[Source "ChessBase"]
[SourceDate "2024.03.31"]
[SourceVersion "1"]
[SourceVersionDate "2024.03.31"]
[SourceQuality "1"]

1. d4 Nf6 2. Nf3 g6 3. Nc3 Bg7 4. e4 d6 5. Be3 0-0 6. Be2 Nbd7 7. Qd2 c6 8. Bh6 b5 9. a3 Bb7 10. Bxg7 Kxg7 11. e5 Ne8 12. h4 h5 13. Qf4 dxe5 14. dxe5 Nc7 15. Ng5 Nc5 16. Rd1 N7e6 17. Qe3 Qc7 18. g4 Nxg5 19. Qxg5 Ne6 20. Qe3 hxg4 21. Bxg4 Rh8 22. Bxe6 fxe6 23. Qg3 Raf8 24. Rg1 Rh6 25. h5 Rf5 26. hxg6 Qxe5+ 27. Kf1 Qxg3 28. Rxg3 Rh1+ 29. Rg1 Rxg1+ 30. Kxg1 Bc8 31. Rd8 Rf8 32. Rxf8 Kxf8 33. Ne2 Kg7 34. Nf4 Bd7 35. Kg2 Kf6 36. Kg3 Be8 37. g7 Bf7 38. Nh5+ Kg5 39. Nf4 Kh6 40. g8Q Bxg8 41. Nd3 Bh7 42. Ne5 c5 43. c3 Be4 44. Nd7 c4 45. Nc5 Bd5 46. Kf4 Kg6 47. Ke5 Kf7 48. Na6 Bf3 49. Nc7 Bc6 50. Nxe6 Ke8 51. Nd4 Bd7 52. Kd5 a6 53. Kc5 Bc8 54. Nc6 Kd7 55. Kb6 Kd6 56. Nb8 Ke5 57. Nxa6 Ke4 58. Nb4 Bd7 59. Kc7 Bg4 60. Kc6 e5 61. Kxb5 Kf3 62. Kxc4 e4 63. Kd4 Bf5 64. Nc2 Kxf2 65. Ne3 Bg6 66. a4 Kf3 67. a5 Be8 68. a6 Bc6 69. b4 1-0